A to Z : Dark Souls Bosses - Statistics

General Stats
  • This quiz has been taken 31 times
  • The average score is 15 of 20
Answer Stats
Hint Answer % Correct
A Aava, the King's Pet | Abyss Watchers | Aldia, Scholar of the First Sin | Aldrich, Devourer of Gods | Ancient Dragon | Ancient Wyvern | Artorias the Abysswalker | Asylum Demon
96%
C Capra Demon | Ceaseless Discharge | Centipede Demon | Champion Gundyr | Champion's Gravetender | Chaos Witch Quelaag | Covetous Demon | Crossbreed Priscilla | Crystal Sage | Curse-Rotted Greatwood
92%
D Dancer of the Boreal Valley | Dark Sun Gwyndolin | Darkeater Midir | Darklurker | Deacons of the Deep | Demon Firesage | Demon in Pain | Demon From Below | Demon Prince | Demon of Song | Dragon Slayer Ornstein | Dragonrider | Dragonslayer Armour | Duke's Dear Freja
92%
G Gaping Dragon | Giant Lord | Gravelord Nito | Gravetender Greatwolf | Great Grey Wolf Sif | Guardian Dragon | Gwyn Lord of Cinder
92%
B Bed of Chaos | Bell Gargoyle | Black Dragon Kalameet | Belfry Gargoyles | Burnt Ivory King
88%
S Sanctuary Guardian | Scorpioness Najka | Seath the Scaleless | Sinh, the Slumbering Dragon | Sir Alonne | Sister Friede | Skeleton Lords | Slave Knight Gael | Smelter Demon | Soul of Cinder | Stray Demon
88%
L Last Giant | Looking Glass Knight | Lost Sinner | Lothric, Younger Prince | Lorian, Elder Prince | Lud, the King's pet
85%
T Taurus Demon | Throne Watcher | Throne Defender | Twin Dragonrider
85%
P Pinwheel | Pontiff Sulyvahn | Prowling Magus and Congregation | Pursuer
81%
I Iron Golem | Iudex Gundyr
77%
M Manus, Father of the Abyss | Moonlight Butterfly | Mytha, the Baneful Queen
77%
O Oceiros, the Consumed King | Old Demon King | Old Dragonslayer | Old Iron King
77%
V Velstadt, the Royal Aegis | Vendrick | Vordt of the Boreal Valley
77%
F Flexile Sentry | Four Kings | Fume Knight
73%
N Nameless King | Nashandra
73%
H Halflight, Spear of the Church | High Lord Wolnir
62%
Y Yhorm the Giant
62%
R Rotten | Royal Rat Authority | Royal Rat Vanguard | Ruin Sentinel
58%
E Elana, Squalid Queen | Executioner Smough | Executioner's Chariot
50%
Z Zallen, the King's Pet
42%
No matching quizzes found
Score Distribution
Percent of People with Each Score
Percentile by Number Answered
Your Score History
You have not taken this quiz